All Goalies of Buffalo Sabres - Statistics

General Stats
  • This quiz has been taken 25 times
  • The average score is 15 of 59
Answer Stats
Years Nationality Name GP % Correct
1992-2001 CZE Dominik Hašek 491
95%
2002-2014 USA Ryan Miller 540
91%
2021-present USA Craig Anderson 31
73%
2016-2021 SWE Linus Ullmark 117
73%
1995-2007 CAN Martin Biron 300
73%
2020-present FIN Ukko-Pekka Luukkonen 13
68%
2022-present CAN Eric Comrie -
59%
2015-2018 SWE Robin Lehner 133
59%
1983-1989 USA Tom Barrasso 266
59%
2018-2021 CAN Carter Hutton 94
50%
2009-2015 SWE Jhonas Enroth 118
50%
1970-1976 CAN Roger Crozier 202
45%
1976-1985 CAN Bob Sauvé 246
41%
2015-2018 CAN Chad Johnson 81
41%
1995-1998 CAN Steve Shields 31
41%
2020-2022 CAN Dustin Tokarski 42
36%
1985-1992 CAN Daren Puppa 215
32%
1992-1995 CAN Grant Fuhr 64
32%
2019-2021 SWE Jonas Johansson 13
32%
2021-present CAN Malcolm Subban 4
32%
2020-2022 USA Michael Houser 6
32%
2008-2011 CAN Patrick Lalime 47
32%
2021-2022 CAN Aaron Dell 12
27%
1988-1992 CAN Clint Malarchuk 102
27%
1970-1974 CAN Dave Dryden 120
27%
2000-2006 FIN Mika Noronen 67
27%
1995-1997 RUS Andrei Trefilov 21
23%
1976-1982 CAN Don Edwards 307
23%
1998-2000 CAN Dwayne Roloson 32
23%
1974-1978 CAN Gerry Desjardins 116
23%
1981-1989 CAN Jacques Cloutier 144
18%
2013-2015 CAN Matt Hackett 13
18%
1975-1977 CAN Al Smith 21
14%
2007-2008 CAN Jocelyn Thibault 12
14%
2000-2001 LAT Peteris Skudra 1
14%
2006-2007 USA Ty Conklin 5
14%
2014-2015 SWE Anders Lindbäck 16
9%
2001-2002 CAN Bob Essensa 9
9%
2015-2016 CAN Jason Kasdorf 1
9%
1995-1996 USA John Blue 5
9%
2008-2009 SWE Mikael Tellqvist 6
9%
2017-2018 USA Adam Wilcox 1
5%
2016-2017 SWE Anders Nilsson 26
5%
2013-2014 USA Connor Knapp 2
5%
1988-1989 CAN Darren Eliot 2
5%
2011-2012 CAN Drew MacIntyre 2
5%
1973-1976 CAN Gary Bromley 63
5%
1978-1979 CAN Randy Ireland 2
5%
1994-1995 USA Robb Stauber 6
5%
1991-1993 CAN Tom Draper 37
5%
2014-2015 RUS Andrei Makarov 1
0%
1988-1991 CAN Darcy Wakaluk 22
0%
1990-1992 USA David Littman 2
0%
1970-1971 CAN Joe Daley 38
0%
2013-2015 CZE Michal Neuvrith 29
0%
2013-2014 CAN Nathan Lieuwen 7
0%
1981-1982 CAN Paul Harrison 6
0%
1982-1983 CAN Phil Myre 5
0%
1972-1975 CAN Rocky Farr 19
0%
No matching quizzes found
Score Distribution
Percent of People with Each Score
Percentile by Number Answered
Your Score History
You have not taken this quiz